<?xml version="1.0" encoding="UTF-8"?>
<record
    xmlns:xsi="http://www.w3.org/2001/XMLSchema-instance"
    xsi:schemaLocation="http://www.loc.gov/MARC21/slim http://www.loc.gov/standards/marcxml/schema/MARC21slim.xsd"
    xmlns="http://www.loc.gov/MARC21/slim">

  <leader>02208nam a22003257a 4500</leader>
  <datafield tag="999" ind1=" " ind2=" ">
    <subfield code="c">6605</subfield>
    <subfield code="d">6605</subfield>
  </datafield>
  <controlfield tag="003">OSt</controlfield>
  <controlfield tag="005">20260416095531.0</controlfield>
  <controlfield tag="008">240305b           ||||| |||| 00| 0 spa d</controlfield>
  <datafield tag="020" ind1=" " ind2=" ">
    <subfield code="a">9789873017636</subfield>
  </datafield>
  <datafield tag="040" ind1=" " ind2=" ">
    <subfield code="c">PJ-TDF</subfield>
  </datafield>
  <datafield tag="245" ind1="1" ind2="0">
    <subfield code="a">Revista de Derecho de Da&#xF1;os :</subfield>
    <subfield code="b">problem&#xE1;tica actual de la responsabilidad civil - I /</subfield>
    <subfield code="c">Jorge Mosset Iturraspe ; Ricardo Luis Lorenzetti directores.</subfield>
  </datafield>
  <datafield tag="260" ind1=" " ind2=" ">
    <subfield code="a">Buenos Aires : </subfield>
    <subfield code="b">Rubinzal - Culzoni, </subfield>
    <subfield code="c">2014.</subfield>
  </datafield>
  <datafield tag="300" ind1=" " ind2=" ">
    <subfield code="a">632 p.</subfield>
    <subfield code="c">22 cm.</subfield>
  </datafield>
  <datafield tag="310" ind1=" " ind2=" ">
    <subfield code="a">cuatrimestral</subfield>
  </datafield>
  <datafield tag="362" ind1=" " ind2=" ">
    <subfield code="a">No. 1 (2014)</subfield>
  </datafield>
  <datafield tag="505" ind1=" " ind2=" ">
    <subfield code="t">La funci&#xF3;n resarcitoria la responsabilidad objetiva en el proyecto de c&#xF3;digo civil y comercial de 2012 /</subfield>
    <subfield code="r">Jorge Mosset Itu raspe.</subfield>
  </datafield>
  <datafield tag="505" ind1=" " ind2=" ">
    <subfield code="t">La responsabilidad directa, los da&#xF1;os involuntarios y la pluralidad de responsables en el c&#xF3;digo de 1871 y en el proyecto de c&#xF3;digo civil y comercial de 2012 /</subfield>
    <subfield code="r">F&#xE9;lix A. Trigo Represas.</subfield>
  </datafield>
  <datafield tag="505" ind1=" " ind2=" ">
    <subfield code="t">Funciones de la responsabilidad civil. funci&#xF3;n preventiva y sanci&#xF3;n pecuniaria disuasiva en el c&#xF3;digo de 1871 y en el proyecto de c&#xF3;digo civil y comercial de la naci&#xF3;n (2012) /</subfield>
    <subfield code="r">Juan Manuel Pr&#xE9;v&#xF4;t.</subfield>
  </datafield>
  <datafield tag="505" ind1=" " ind2=" ">
    <subfield code="t">Responsabilidad por acusaci&#xF3;n calumniosa, culpa &#x201C;grave&#x201D; y situaci&#xF3;n del denunciante y querellante en el c&#xF3;digo de 1871 y en el proyecto de c&#xF3;digo civil y comercial de 2012 /</subfield>
    <subfield code="r">Juan Carlos Venini.</subfield>
  </datafield>
  <datafield tag="505" ind1=" " ind2=" ">
    <subfield code="t">Responsabilidad del estado y funcionarios p&#xFA;blicos en el c&#xF3;digo civil y en el proyecto /</subfield>
    <subfield code="r">Viviana In&#xE9;s Gasparotti.</subfield>
  </datafield>
  <datafield tag="505" ind1=" " ind2=" ">
    <subfield code="t">Responsabilidad de los padres por el da&#xF1;o causado a terceros por sus hijos. en el c&#xF3;digo civil vigente y en el proyecto de c&#xF3;digo civil y comercial de 2012 /</subfield>
    <subfield code="r">Francisco A. M. Ferrer.</subfield>
  </datafield>
  <datafield tag="505" ind1=" " ind2=" ">
    <subfield code="t">Responsabilidad civil de los establecimientos educativos en el derecho vigente y en el proyecto de c&#xF3;digo civil y comercial de 2012 /</subfield>
    <subfield code="r">Jos&#xE9; Fernando M&#xE1;rquez.</subfield>
  </datafield>
  <datafield tag="505" ind1=" " ind2=" ">
    <subfield code="t">Vida privada: su protecci&#xF3;n en el c&#xF3;digo civil y en el proyecto 2012 /</subfield>
    <subfield code="r">Norma Juanes y Valeria Carrasco.</subfield>
  </datafield>
  <datafield tag="505" ind1=" " ind2=" ">
    <subfield code="t">Antijuridicidad /</subfield>
    <subfield code="r">Antonio Juan Rinessi y Rosa N&#xE9;lida Rey.</subfield>
  </datafield>
  <datafield tag="650" ind1=" " ind2="0">
    <subfield code="9">3331</subfield>
    <subfield code="a">DA&#xD1;O</subfield>
  </datafield>
  <datafield tag="700" ind1=" " ind2=" ">
    <subfield code="9">528</subfield>
    <subfield code="a">Mosset Iturraspe, Jorge </subfield>
    <subfield code="e">director</subfield>
  </datafield>
  <datafield tag="700" ind1=" " ind2=" ">
    <subfield code="a">Lorenzetti, Ricardo Luis</subfield>
    <subfield code="e">director</subfield>
    <subfield code="9">529</subfield>
  </datafield>
  <datafield tag="866" ind1=" " ind2=" ">
    <subfield code="a">.</subfield>
  </datafield>
  <datafield tag="942" ind1=" " ind2=" ">
    <subfield code="2">udc</subfield>
    <subfield code="c">PP</subfield>
  </datafield>
  <datafield tag="952" ind1=" " ind2=" ">
    <subfield code="0">0</subfield>
    <subfield code="1">0</subfield>
    <subfield code="2">udc</subfield>
    <subfield code="4">0</subfield>
    <subfield code="7">0</subfield>
    <subfield code="a">DJS</subfield>
    <subfield code="b">DJS</subfield>
    <subfield code="d">2026-04-13</subfield>
    <subfield code="p">6039</subfield>
    <subfield code="r">2026-04-13</subfield>
    <subfield code="w">2026-04-13</subfield>
    <subfield code="y">PP</subfield>
  </datafield>
</record>
